1591 1695 1136 1768 1235 1722 1552 1200 1301 1937 1756 1579 1481 1498 1139 1899 1231 1287 1141 1971 1243 1415 1654 1593 1114 1115 1722 1907 1361 1148 1238 1230 1640 1839 1572 1158 1501 1611 1190 1110 1733 1175 1920 1658 1487 1781 1853 1195 1528 1273 1843 1916 1005 1499 1730 1500 1835 1917 1757 1033 1381 1969 1825 1725 1199 1453 1430 1386 1896 1631 1494 1088 1806 1081 1580 1806 1930 1194 1940 1107 1917 1180 1930 1782 1451 1451 1544 1272 1545 1912 1469 1085 1493 1152 1198 1571 1820 1462 1317 BCNSPRNW ULIB Ver.6.0+V

เปลี่ยนเป็นภาษาไทย

Change to English
 แสดงรายละเอียดบรรณานุกรม
  กลับหน้าหลัก

Brief Record : Get Marc (ISO 2709) : E-mail record : QR code < ปิดหน้าต่าง
LEADER : 00000nam 2200000uu 4500
001    13399123746
003     ULIB
008    141125s2556||||th 000 0 tha d
020    ^a9789740330561
060  4 ^aWY87^bพ516ค
100 0  ^aพัชนี สมกำลัง
245 10 ^aจิตวิญญาณของผู้นำทางการพยาบาลฟลอเรนซ์ ไนติงเกล /^cพัชนี สมกำลัง
246 15 ^aSpiritual life of the leader of nursing florence nightingale
260    ^aกรุงเทพฯ:^bสำนักพิมพ์แห่งจุฬาลงกรณ์มหาวิทยาลัย,^c2556
300    ^a293 หน้า :^bภาพประกอบ
505 0  ^a--^tบทที่ 1 แนวคิดเรื่องจิตวิญญาณ--^tบทที่ 2 มิติจิตวิญญาณกับผู้นำทางการพยาบาลฟลอเรนซ์ ไนติงเกล--^tบทที่ 3 พัฒนาการทางจิตวิญญาณของฟลอเรนซ์ ไนติงเกล--^tบทที่ 4 ปฏิบัติการทางจิตวิญญาณของฟลอเรนซ์ ไนติงเกล--^tบทที่ 5 ลักษณะความผาสุกทางจิตวิญญาณของฟลอเรนซ์ ไนติงเกล
600 0  ^aไนติงเกล,ฟลอเรนซ์,^d1820 - 1920
650  7 ^aพยาบาล^xแง่ศาสนา
650  7 ^aชีวิตทางจิตวิญญาณ
650  7 ^aการบริหารการพยาบาล
945    ^p230^l0^i21851
945    ^p230^l0^i21852
945    ^p230^l0^i21853
945    ^p230^l0^i21854
945    ^p230^l0^i21855
945    ^p230^l0^i21856
945    ^p230^l0^i21857
945    ^p230^l0^i21858
945    ^p230^l0^i21859
945    ^p230^l0^i21860
999    ^aทศพร เกษรทอง
รายการนี้ยังไม่มีแท็ก
คุณยังไม่ได้ล็อกอิน คุณสามารถมีกิจกรรมร่วมกับเว็บไซต์ได้ แต่ต้องล็อกอินก่อน ::
  ล็อกอิน

รายการสื่อสารสนเทศ

ลำดับที่ ประเภท เลขเรียก/บาร์โค้ด สถานที่ สถานะ
1. Book การพยาบาล
Book การพยาบาล
สถานะ=หนังสือเก่า
WY87 พ516ค ฉ.1 
  Barcode: 21851
ห้องสมุดวิทยาเขตนครสวรรค์
►ส่วนจัดเก็บหนังสือเก่า นว.
บนชั้น
  ขอยืม
2. Book การพยาบาล
Book การพยาบาล
สถานะ=หนังสือเก่า
WY87 พ516ค ฉ.10 
  Barcode: 21860
ห้องสมุดวิทยาเขตนครสวรรค์
►ส่วนจัดเก็บหนังสือเก่า นว.
บนชั้น
  ขอยืม
3. Book การพยาบาล
Book การพยาบาล
สถานะ=หนังสือเก่า
WY87 พ516ค ฉ.2 
  Barcode: 21852
ห้องสมุดวิทยาเขตนครสวรรค์
►ส่วนจัดเก็บหนังสือเก่า นว.
บนชั้น
  ขอยืม
4. Book การพยาบาล
Book การพยาบาล
สถานะ=หนังสือเก่า
WY87 พ516ค ฉ.3 
  Barcode: 21853
ห้องสมุดวิทยาเขตนครสวรรค์
►ส่วนจัดเก็บหนังสือเก่า นว.
บนชั้น
  ขอยืม
5. Book การพยาบาล
Book การพยาบาล
สถานะ=หนังสือเก่า
WY87 พ516ค ฉ.4 
  Barcode: 21854
ห้องสมุดวิทยาเขตนครสวรรค์
►ส่วนจัดเก็บหนังสือเก่า นว.
บนชั้น
  ขอยืม
6. Book การพยาบาล
Book การพยาบาล
สถานะ=หนังสือเก่า
WY87 พ516ค ฉ.5 
  Barcode: 21855
ห้องสมุดวิทยาเขตนครสวรรค์
►ส่วนจัดเก็บหนังสือเก่า นว.
บนชั้น
  ขอยืม
7. Book การพยาบาล
Book การพยาบาล
สถานะ=หนังสือเก่า
WY87 พ516ค ฉ.6 
  Barcode: 21856
ห้องสมุดวิทยาเขตนครสวรรค์
►ส่วนจัดเก็บหนังสือเก่า นว.
บนชั้น
  ขอยืม
8. Book การพยาบาล
Book การพยาบาล
สถานะ=หนังสือเก่า
WY87 พ516ค ฉ.7 
  Barcode: 21857
ห้องสมุดวิทยาเขตนครสวรรค์
►ส่วนจัดเก็บหนังสือเก่า นว.
บนชั้น
  ขอยืม
9. Book การพยาบาล
Book การพยาบาล
สถานะ=หนังสือเก่า
WY87 พ516ค ฉ.8 
  Barcode: 21858
ห้องสมุดวิทยาเขตนครสวรรค์
►ส่วนจัดเก็บหนังสือเก่า นว.
บนชั้น
  ขอยืม
10. Book การพยาบาล
Book การพยาบาล
สถานะ=หนังสือเก่า
WY87 พ516ค ฉ.9 
  Barcode: 21859
ห้องสมุดวิทยาเขตนครสวรรค์
►ส่วนจัดเก็บหนังสือเก่า นว.
บนชั้น
  ขอยืม

รายการใกล้เคียง
    ผู้แต่ง [พัชนี สมกำลัง]

    หัวเรื่อง [ชีวิตทางจิตวิญญาณ]
    หัวเรื่อง [การบริหารการพยาบาล]

BibComment


ยังไม่เคยถูกคอมเมนท์

คอมเมนท์ทรัพยากรรายการนี้
  คอมเมนท์: จิตวิญญาณของผู้น..


 Copyright 2026. Bcnsprnw @Library